000
00347 a2200157 4500
001
190170
020
_a
978-84-9713-087-5
040
_c
Magnum
100
_a
Merino, José María
240
1
0
_a
Las lágrimas del sol
_l
por
245
1
0
_a
Las lágrimas del sol
300
_a
94
362
0
_a
2008
697
_a
LITERATURA ESPANHOLA
942
_c
BK
999
_c
190170
_d
190170